| 000 | 00374 a2200121 4500 | ||
|---|---|---|---|
| 001 | ART_14640 | ||
| 005 | 20260410161913.0 | ||
| 008 | 260409a | ||
| 245 | 1 | 0 | _aInequality and social status in successive generations |
| 100 | 1 | _aTheil, Henri | |
| 700 | 1 | _aStambaugh, Robert | |
| 773 | 0 |
_tEuropean economic review _g- Vol. 10, NÂș 2 (nov. 1977) _wREV13346 |
|
| 999 |
_c26967 _d26967 |
||